• 首页
  • 本馆介绍
  • 公告通知
  • 最新文献
  • 馆藏检索
  • 电子资源
  • 读者导购
  • 参考咨询
  • 我的图书馆
  • 登录
  • 详细信息显示
  • 放入我的书架
  • 预约/预借图书
  • 作者相关作品
  • 分类相关作品
  • 丛书相关作品
  • 出版社相关作品

书目信息

  • 表格格式
  • 工作单格式
  • 卡片格式
题名:
持久内存架构与工程实践
    
 
作者: 李志明 著
分册:  
出版信息: 北京   电子工业出版社  2021.5
页数: 16,284页
开本: 24cm
丛书名:
单 册:
中图分类: TP333.1
科图分类:
主题词: 内存数据库--研究
电子资源:
ISBN: 978-7-121-40126-8
000 00910nam0 2200253 45
001 012001001902
005 20140912160008.0
010    @a978-7-121-40126-8@dCNY99.00
100    @a20210303d2021 em y0chiy50 ea
101 0  @achi
102    @aCN@b110000
105    @aa z 000yy
106    @ar
200 1  @a持久内存架构与工程实践@Achi jiu nei cun jia gou yu gong cheng shi jian@f李志明[等]著
210    @a北京@c电子工业出版社@d2021.5
215    @a16,284页@c图@d24cm
300    @a博文视点
304    @a著者还有:吴国安、李翔、斯佩峰、杜凡、束文辉等7人
330    @a本书对持久内存的硬件和固件架构、编程模型、优化方法等方面都进行了剖析,并从架构选择、方案实施、性能调优几个方面,对数据库、大数据等场景进行了介绍,以帮助读者掌握持久内存应用。
606 0  @a内存数据库@x研究
690    @aTP333.1@v5
701  0 @a李志明@Ali zhi ming@4著
801  0 @aCN@bBJSDL@c20211011
905    @b1337660-3@dTP333.1@e220@f4
    
    持久内存架构与工程实践/李志明[等]著.-北京:电子工业出版社,2021.5
    16,284页:图;24cm
    博文视点
    
    ISBN 978-7-121-40126-8:CNY99.00
    本书对持久内存的硬件和固件架构、编程模型、优化方法等方面都进行了剖析,并从架构选择、方案实施、性能调优几个方面,对数据库、大数据等场景进行了介绍,以帮助读者掌握持久内存应用。
●
相关链接 在E读中查询图书 在五车中查询图书 在当当中查询图书 在豆瓣中查询图书


正题名:持久内存架构与工程实践     索取号:TP333.1/220         预约/预借

序号 登录号 条形码 馆藏地/架位号 状态 备注
1 1337660   213376602   第二样本阅览室/ [索取号:TP333.1/220] 在馆    
2 1337661   213376611   第三借阅区/ [索取号:TP333.1/220] 在馆    
3 1337662   213376620   第三借阅区/ [索取号:TP333.1/220] 在馆    
4 1337663   213376639   第三借阅区/ [索取号:TP333.1/220] 在馆    
唐山师范学院图书馆 欢迎您!
大连网信软件有限公司© 版权所有